000 00694nam a2200289Ia 4500
005 20260324133411.0
008 008 260324s9999 xx 000 0 eng d
020 _a9780203465394
037 _aEBOOK
040 _aCRL
040 _beng
040 _cCRL
041 _2eng
041 _aeng
084 _qCRL
100 _aBarbara Allen; Sue Johnston-Wilder
_91192953
245 0 _aMathematics Education
245 0 _bExploring the Culture of Learning
260 _bTaylor and Francis
260 _c2003
365 _a
365 _b195
856 _uhttp://www.taylorfrancis.com/books/9780203465394
942 _cEBOOK
999 _c1791941
_d1791941